|
|
|
|
| LEADER |
00000nam0a2200000 4500 |
| 001 |
146054 |
| 005 |
20231031144456.0 |
| 035 |
|
|
|a (RuTPU)RU\TPU\book\158318
|
| 090 |
|
|
|a 146054
|
| 100 |
|
|
|a 20081025d1989 k y0rusy50 ca
|
| 101 |
0 |
|
|a rus
|
| 102 |
|
|
|a RU
|
| 105 |
|
|
|a a z 000zy
|
| 200 |
1 |
|
|a Прогнозирование развития региональных экономических систем
|e сборник научных трудов
|f Академия наук СССР (АН СССР), Институт экономических исследований
|
| 210 |
|
|
|a Владивосток
|c [Б. и.]
|d 1989
|
| 215 |
|
|
|a 144 с.
|c ил.
|
| 610 |
1 |
|
|a сборники
|
| 610 |
1 |
|
|a прогнозирование
|
| 610 |
1 |
|
|a развитие
|
| 610 |
1 |
|
|a региональное экономическое развитие
|
| 686 |
|
|
|a У9(2)230.38
|v LBC/SL-A
|2 rubbk
|
| 712 |
0 |
2 |
|a Академия наук СССР (АН СССР)
|b Институт экономических исследований
|2 stltpush
|3 (RuTPU)RU\TPU\col\12477
|
| 801 |
|
1 |
|a RU
|b 63413507
|c 20081025
|g PSBO
|
| 801 |
|
2 |
|a RU
|b 63413507
|c 20090116
|g PSBO
|
| 942 |
|
|
|c BK
|